[Event "North American-ch U20"]
[Site "Irving"]
[Date "2017.09.04"]
[Round "7"]
[White "Yu, Jennifer R"]
[Black "Liu, Bovey"]
[Result "1-0"]
[WhiteElo "2279"]
[BlackElo "2252"]
[PlyCount "95"]
[EventDate "2017.08.31"]
[EventType "swiss"]
[EventRounds "9"]
[EventCountry "USA"]
[SourceTitle "CBM 180 Extra"]
[Source "ChessBase"]
[SourceDate "2017.10.06"]
[SourceVersion "1"]
[SourceVersionDate "2017.10.06"]
[SourceQuality "1"]

1. d4 Nf6 2. c4 e6 3. Nc3 Bb4 4. e3 0-0 5. Nge2 d5 6. a3 Bd6 7. cxd5 exd5 8. Ng3 Re8 9. Bd3 c6 10. Qc2 Nbd7 11. b4 a6 12. Rb1 Nf8 13. Nce2 h5 14. f3 Ne6 15. Kf2 a5 16. Bd2 axb4 17. axb4 Bd7 18. h3 Qb6 19. Nf5 Bf8 20. g4 Ng5 21. h4 Nge4+ 22. Bxe4 dxe4 23. g5 Nd5 24. fxe4 Bxf5 25. exf5 Ra3 26. e4 Nxb4 27. Bxb4 Bxb4 28. g6 c5 29. gxf7+ Kxf7 30. Qc4+ Kf8 31. Nf4 Rxe4 32. Ng6+ Ke8 33. Ne5 Rf4+ 34. Kg2 Rxd4 35. Qg8+ Ke7 36. Rhd1 Qd6 37. Qxg7+ Ke8 38. Qg8+ Ke7 39. f6+ Qxf6 40. Rxb4 Ra2+ 41. Qxa2 Qg7+ 42. Kf2 Qf6+ 43. Kg2 cxb4 44. Rxd4 Qxe5 45. Qc4 Qg7+ 46. Kf3 Qf6+ 47. Rf4 Qb2 48. Qxb4+ 1-0

[Event "Dallas UT Fall op"]
[Site "Dallas"]
[Date "2016.11.22"]
[Round "7"]
[White "Gu, Christopher"]
[Black "Liu, Bovey"]
[Result "1-0"]
[WhiteElo "2304"]
[BlackElo "2172"]
[PlyCount "73"]
[EventDate "2016.11.18"]
[EventType "swiss"]
[EventRounds "9"]
[EventCountry "USA"]
[SourceTitle "CBM 175 Extra"]
[Source "ChessBase"]
[SourceDate "2016.12.12"]
[SourceVersion "1"]
[SourceVersionDate "2016.12.12"]
[SourceQuality "1"]

1. Nf3 Nf6 2. c4 e6 3. g3 d5 4. Bg2 Be7 5. 0-0 0-0 6. b3 b6 7. Bb2 Bb7 8. e3 dxc4 9. bxc4 c5 10. Nc3 Nc6 11. Qe2 Qc7 12. Ne1 Rfd8 13. f4 a6 14. d3 Rab8 15. g4 Ba8 16. a4 Nb4 17. Bxa8 Rxa8 18. g5 Ne8 19. Rf3 f6 20. Ne4 fxg5 21. fxg5 Nd6 22. Nf6+ Bxf6 23. gxf6 Nf5 24. fxg7 b5 25. axb5 axb5 26. cxb5 Rxa1 27. Bxa1 Ra8 28. Bb2 Ra2 29. Qg2 Qa7 30. e4 c4+ 31. Qf2 Qxf2+ 32. Rxf2 Nxg7 33. Bxg7 cxd3 34. Rxa2 Nxa2 35. Nxd3 Kxg7 36. b6 Nc3 37. b7 1-0

[Event "Dallas UT Fall op"]
[Site "Dallas"]
[Date "2016.11.21"]
[Round "6"]
[White "Liu, Bovey"]
[Black "Nguyen, Emily"]
[Result "1/2-1/2"]
[WhiteElo "2172"]
[BlackElo "2121"]
[PlyCount "69"]
[EventDate "2016.11.18"]
[EventType "swiss"]
[EventRounds "9"]
[EventCountry "USA"]
[SourceTitle "CBM 175 Extra"]
[Source "ChessBase"]
[SourceDate "2016.12.12"]
[SourceVersion "1"]
[SourceVersionDate "2016.12.12"]
[SourceQuality "1"]

1. e4 c5 2. Nf3 e6 3. d4 cxd4 4. Nxd4 Nf6 5. Nc3 d6 6. g3 a6 7. Bg2 Be7 8. 0-0 0-0 9. a4 Nc6 10. Be3 Qc7 11. f4 Na5 12. Kh1 Nc4 13. Bc1 Rb8 14. Qe2 Nd7 15. b3 Bf6 16. Rd1 Na5 17. Bb2 Nc6 18. Nxc6 bxc6 19. Qd2 d5 20. Ba3 Re8 21. Rab1 Bb7 22. Ne2 Rbd8 23. Bb4 c5 24. Ba5 Nb6 25. e5 Be7 26. h4 d4 27. Ng1 Rb8 28. Kh2 f6 29. Bxb7 Qxb7 30. Bxb6 Qxb6 31. Nf3 Rf8 32. Qe2 Qc6 33. Re1 Rbe8 34. Rbd1 Bd8 35. Qe4 1/2-1/2

[Event "World op 43rd"]
[Site "Arlington"]
[Date "2015.07.03"]
[Round "5"]
[White "Gulamali, Kazim"]
[Black "Liu, Bovey"]
[Result "1-0"]
[WhiteElo "2350"]
[BlackElo "2066"]
[PlyCount "83"]
[EventDate "2015.07.01"]
[EventType "swiss"]
[EventRounds "9"]
[EventCountry "USA"]
[SourceTitle "CBM 167 Extra"]
[Source "ChessBase"]
[SourceDate "2015.09.14"]
[SourceVersion "1"]
[SourceVersionDate "2015.09.14"]
[SourceQuality "1"]

1. e4 c5 2. Nf3 e6 3. g3 Nc6 4. Bg2 g6 5. d4 cxd4 6. Nxd4 a6 7. Nxc6 dxc6 8. Qxd8+ Kxd8 9. e5 Bg7 10. f4 f6 11. exf6 Nxf6 12. c4 Ke7 13. Nc3 Bd7 14. Be3 b5 15. Bc5+ Kf7 16. 0-0-0 Rhd8 17. Bb6 Rdb8 18. Bd4 Rd8 19. c5 Be8 20. Rhe1 Ra7 21. Bh3 Re7 22. Be5 Rxd1+ 23. Nxd1 Bd7 24. Nf2 Bc8 25. Nd3 Nd5 26. Bxg7 Kxg7 27. Ne5 Bb7 28. a3 a5 29. Nf3 Nc7 30. Nd4 a4 31. Bg2 Na6 32. Re5 Kf6 33. Kd2 Nb8 34. Bh3 Bc8 35. Kc3 Bd7 36. Nf3 h6 37. Nd2 Na6 38. Ne4+ Kf7 39. Bg2 Nc7 40. Kb4 Nd5+ 41. Ka5 Kf8 42. Nd6 1-0

[Event "US Open-115"]
[Site "Orlando"]
[Date "2014.07.29"]
[Round "4"]
[White "Liu, Bovey"]
[Black "Schmuggerow, Kevin"]
[Result "0-1"]
[WhiteElo "2031"]
[BlackElo "1971"]
[PlyCount "57"]
[EventDate "2014.07.26"]
[EventType "swiss"]
[EventRounds "9"]
[EventCountry "USA"]
[SourceTitle "CBM 161 Extra"]
[Source "ChessBase"]
[SourceDate "2014.08.29"]
[SourceVersion "1"]
[SourceVersionDate "2014.08.29"]
[SourceQuality "1"]

1. e4 e6 2. d4 c5 3. Nf3 cxd4 4. Nxd4 Nf6 5. Nc3 Bb4 6. e5 Ne4 7. Qf3 Qa5 8. Ndb5 Nxc3 9. bxc3 Be7 10. Bd2 Nc6 11. Qg3 Kf8 12. f4 a6 13. Nd4 d6 14. exd6 Bxd6 15. Bd3 Qd5 16. Nxc6 Qxc6 17. 0-0 Bd7 18. Rae1 h5 19. h3 h4 20. Qf2 Ke7 21. Be4 Qc7 22. Qf3 Bb5 23. Rf2 Raf8 24. Rb1 Bc5 25. Be3 b6 26. Bxc5+ Qxc5 27. f5 Rh6 28. fxe6 Rxe6 29. Bf5 0-1

[Event "Dallas UTD Spring op"]
[Site "Dallas"]
[Date "2014.03.11"]
[Round "6"]
[White "Gorovets, Andrey"]
[Black "Liu, Bovey"]
[Result "1/2-1/2"]
[WhiteElo "2488"]
[BlackElo "2003"]
[PlyCount "66"]
[EventDate "2014.03.08"]
[EventType "swiss"]
[EventRounds "9"]
[EventCountry "USA"]
[SourceTitle "CBM 159 Extra"]
[Source "ChessBase"]
[SourceDate "2014.04.24"]
[SourceVersion "1"]
[SourceVersionDate "2014.04.24"]
[SourceQuality "1"]

1. g3 e6 2. Bg2 Nf6 3. f4 d5 4. Nf3 b6 5. d3 Bb7 6. 0-0 Be7 7. e3 0-0 8. Qe2 c5 9. b3 Nc6 10. Bb2 b5 11. Nbd2 a5 12. a4 bxa4 13. Rxa4 Nd7 14. f5 Bf6 15. Bxf6 Qxf6 16. fxe6 fxe6 17. Nd4 Qe7 18. Rxf8+ Nxf8 19. Nxc6 Bxc6 20. Ra2 a4 21. bxa4 Rxa4 22. Rxa4 Bxa4 23. c4 Qd6 24. d4 cxd4 25. exd4 dxc4 26. Qxc4 Bb5 27. Qc3 Qa6 28. Ne4 Qa4 29. Qd2 Bc4 30. h4 Qa2 31. Qxa2 Bxa2 32. Kf2 Bd5 33. Ke3 Bxe4 1/2-1/2

[Event "Dallas UTD Spring op"]
[Site "Dallas"]
[Date "2014.03.10"]
[Round "5"]
[White "Liu, Bovey"]
[Black "Patel, Advait"]
[Result "1-0"]
[WhiteElo "2003"]
[BlackElo "2051"]
[PlyCount "73"]
[EventDate "2014.03.08"]
[EventType "swiss"]
[EventRounds "9"]
[EventCountry "USA"]
[SourceTitle "CBM 159 Extra"]
[Source "ChessBase"]
[SourceDate "2014.04.24"]
[SourceVersion "1"]
[SourceVersionDate "2014.04.24"]
[SourceQuality "1"]

1. e4 c5 2. Nf3 g6 3. d4 cxd4 4. Nxd4 Bg7 5. Nc3 Nc6 6. Be3 Nf6 7. Bc4 0-0 8. Bb3 a5 9. 0-0 d6 10. h3 Nxd4 11. Bxd4 Bd7 12. a4 Bc6 13. Re1 e5 14. Be3 Nxe4 15. Nxe4 Bxe4 16. Bd5 Bxd5 17. Qxd5 Qc7 18. c4 Rfc8 19. b3 Re8 20. Rad1 Ra6 21. Qb5 Re6 22. Rd5 Bf6 23. Red1 Be7 24. Bd2 Bd8 25. b4 axb4 26. Bxb4 Be7 27. a5 Bf8 28. Ba3 Rc6 29. c5 f6 30. cxd6 Bxd6 31. Bxd6 Rcxd6 32. Rxd6 Rxd6 33. Qb3+ Kh8 34. Rxd6 Qxd6 35. Qxb7 Qd1+ 36. Kh2 Qd2 37. Qb6 1-0

[Event "World ol U16 12th"]
[Site "Chongqing"]
[Date "2013.07.23"]
[Round "3"]
[White "Das, Sayantan"]
[Black "Liu, Bovey"]
[Result "1-0"]
[WhiteElo "2368"]
[BlackElo "2000"]
[PlyCount "85"]
[EventDate "2013.07.22"]
[EventType "team-swiss"]
[EventRounds "10"]
[EventCountry "CHN"]
[SourceTitle "EXT 2016"]
[Source "ChessBase"]
[SourceDate "2015.10.08"]
[SourceVersion "1"]
[SourceVersionDate "2015.10.08"]
[SourceQuality "1"]
[WhiteTeam "India (U16)"]
[BlackTeam "United States U16"]
[WhiteTeamCountry "IND"]
[BlackTeamCountry "USA"]

1. e4 c5 2. Nf3 e6 3. d4 cxd4 4. Nxd4 a6 5. c4 Qc7 6. Nc3 Nf6 7. a3 d6 8. Be2 Be7 9. Be3 0-0 10. 0-0 b6 11. Rc1 Bb7 12. f3 Nbd7 13. b4 Rac8 14. Nb3 Qb8 15. Qd2 Bd8 16. Rfd1 Bc7 17. Bf4 Ne5 18. Bxe5 dxe5 19. Qe3 Rfd8 20. Kh1 Ne8 21. Na4 Bc6 22. b5 axb5 23. cxb5 Ba8 24. Nb2 Rxd1+ 25. Rxd1 Rd8 26. Rc1 g6 27. a4 Kg7 28. Nc4 Nd6 29. Nb2 Nc8 30. Qc3 Bd6 31. Nc4 f6 32. Ne3 Qa7 33. Nc4 Qe7 34. Qe3 Bc7 35. a5 bxa5 36. b6 Bb8 37. Ncxa5 Bb7 38. Nc5 Nd6 39. Ncxb7 Nxb7 40. Nc6 Qd6 41. Nxb8 Rxb8 42. Rc7+ Kg8 43. Qh6 1-0